00234nam a2200097Ia 4500100002000000654002400020245004000044260003200084300000800116546001200124 aFairhead harry  aA Power users guide aThe 386/486 PC A Power users guide bB.P.B. PubaNew Delhic1991 a275 aENGLISH